000 00445nam a2200181Ia 4500
003 GCL
008 140319s9999 xx 000 0 eng d
040 _aGCL /
_cGCL
082 0 4 _a709.0344
_bS A
100 1 _aSMITH, PAUL
245 1 0 _aL'ARTISTE IMPRESSIONNISTE /
_cSMITH, PAUL
260 _a[S.N] :
_bFLAMMARION ،
_c1995
300 _a175 P
650 0 4 _aARTS
650 0 4 _aDECORATIVE ARTS
650 0 4 _aIMPRESSIONISTS
942 _2ddc
_cBK
999 _c15277
_d15277